[Event "Czechia KP-chTA 0607"]
[Site "Czech Republic"]
[Date "2007.03.04"]
[Round "9.7"]
[White "Nyvlt, Miloslav"]
[Black "Klein, Milan"]
[Result "1-0"]
[WhiteElo "1788"]
[BlackElo "1931"]
[PlyCount "70"]
[EventDate "2006.10.29"]
[EventType "team"]
[EventRounds "11"]
[EventCountry "CZE"]
[SourceTitle "EXT 2008"]
[Source "ChessBase"]
[SourceDate "2007.11.25"]
[SourceVersion "1"]
[SourceVersionDate "2007.11.25"]
[SourceQuality "1"]
[WhiteTeam "Melnik"]
[BlackTeam "Emerge MB B"]
[WhiteTeamCountry "CZE"]
[BlackTeamCountry "CZE"]

1. d4 Nf6 2. c4 e6 3. Nc3 d5 4. Nf3 c6 5. a4 Bd6 6. e3 0-0 7. Be2 Nbd7 8. c5 Bc7 9. 0-0 a5 10. Qc2 e5 11. b3 e4 12. Nd2 Ne8 13. f4 f5 14. Ba3 Rf6 15. b4 Rh6 16. g3 g5 17. b5 gxf4 18. exf4 Qf6 19. Nb3 Nf8 20. b6 Bd8 21. Nd1 Qg6 22. Ne3 Kh8 23. Bb2 Nf6 24. Rf2 Nh5 25. Rg2 Ne6 26. Rf1 Neg7 27. Bc3 Bf6 28. Qd2 Ne6 29. Bd1 Nhg7 30. Nc2 Ne8 31. Be2 Qf7 32. Ra1 Bd7 33. Nxa5 Nd8 34. Nb3 Bc8 35. a5 Rh3 1-0

[Event "Czechia KP-chTA 0607"]
[Site "Czech Republic"]
[Date "2007.02.04"]
[Round "7.6"]
[White "Svadlenka, Jaroslav"]
[Black "Nyvlt, Miloslav"]
[Result "1/2-1/2"]
[WhiteElo "2012"]
[BlackElo "1788"]
[PlyCount "136"]
[EventDate "2006.10.29"]
[EventType "team"]
[EventRounds "11"]
[EventCountry "CZE"]
[SourceTitle "EXT 2008"]
[Source "ChessBase"]
[SourceDate "2007.11.25"]
[SourceVersion "1"]
[SourceVersionDate "2007.11.25"]
[SourceQuality "1"]
[WhiteTeam "Kladno"]
[BlackTeam "Melnik"]
[WhiteTeamCountry "CZE"]
[BlackTeamCountry "CZE"]

1. e4 c5 2. c3 d5 3. exd5 Qxd5 4. d4 cxd4 5. Nf3 e6 6. cxd4 Nf6 7. Nc3 Qd8 8. Bc4 Be7 9. 0-0 0-0 10. Bf4 a6 11. Re1 b5 12. Bb3 Bb7 13. Ne5 Nd5 14. Bg3 Nxc3 15. bxc3 Bd5 16. Bc2 f5 17. Qe2 Bf6 18. Nd3 Nd7 19. Bb3 Re8 20. Bxd5 exd5 21. Qf3 Nb6 22. Qxf5 Qd7 23. Qxd7 Nxd7 24. Bd6 Rec8 25. Rac1 Rc6 26. Bc5 Nxc5 27. Nxc5 Kf7 28. Kf1 Rac8 29. Ke2 Be7 30. Kd3 Bxc5 31. dxc5 Rxc5 32. Rc2 Rc4 33. Ree2 Kf6 34. g3 g5 35. f3 h5 36. h3 a5 37. a3 Ra4 38. Ra2 Rac4 39. Rec2 Ke5 40. Re2+ Kd6 41. Rac2 Rf8 42. Re3 Rfc8 43. Ree2 Rf8 44. Rf2 Re8 45. f4 gxf4 46. Rxf4 Rxf4 47. gxf4 Re4 48. Rf2 Ke6 49. Rb2 Rxf4 50. Rxb5 Ra4 51. Rb6+ Ke5 52. Rh6 Rh4 53. Ra6 a4 54. Kc2 Rf4 55. Ra8 Rh4 56. Ra5 Rxh3 57. Rxa4 Rh1 58. Ra8 h4 59. Rh8 h3 60. Kb2 Kd6 61. a4 Kc6 62. Rh5 h2 63. a5 Kb7 64. Rh6 Ka7 65. Ka2 Rc1 66. Rxh2 Rxc3 67. Rh6 Rc5 68. Kb3 Rxa5 1/2-1/2

[Event "Czechia KP-chTA 0607"]
[Site "Czech Republic"]
[Date "2006.11.12"]
[Round "2.7"]
[White "Nyvlt, Miloslav"]
[Black "Mares, Jiri"]
[Result "1-0"]
[WhiteElo "1788"]
[BlackElo "1850"]
[PlyCount "52"]
[EventDate "2006.10.29"]
[EventType "team"]
[EventRounds "11"]
[EventCountry "CZE"]
[SourceTitle "EXT 2008"]
[Source "ChessBase"]
[SourceDate "2007.11.25"]
[SourceVersion "1"]
[SourceVersionDate "2007.11.25"]
[SourceQuality "1"]
[WhiteTeam "Melnik"]
[BlackTeam "Zebrak"]
[WhiteTeamCountry "CZE"]
[BlackTeamCountry "CZE"]

1. d4 d5 2. c4 e6 3. Nc3 Nf6 4. Nf3 dxc4 5. e4 c5 6. d5 a6 7. a4 exd5 8. exd5 Bd6 9. Bxc4 Bg4 10. 0-0 0-0 11. Bg5 Be7 12. Re1 Nbd7 13. d6 Bxf3 14. gxf3 Ne5 15. dxe7 Qxd1 16. Raxd1 Nxf3+ 17. Kg2 Nxe1+ 18. Rxe1 Rfe8 19. Bxf6 gxf6 20. Nd5 Kg7 21. Nc7 Rac8 22. Nxe8+ Rxe8 23. a5 f5 24. Bd5 Kf6 25. Bxb7 Rxe7 26. Rxe7 Kxe7 1-0

[Event "Czechia KP-chTA 0607"]
[Site "Czech Republic"]
[Date "2006.10.29"]
[Round "1.7"]
[White "Schmalz, Michal"]
[Black "Nyvlt, Miloslav"]
[Result "1-0"]
[WhiteElo "1646"]
[BlackElo "1788"]
[PlyCount "39"]
[EventDate "2006.10.29"]
[EventType "team"]
[EventRounds "11"]
[EventCountry "CZE"]
[SourceTitle "EXT 2008"]
[Source "ChessBase"]
[SourceDate "2007.11.25"]
[SourceVersion "1"]
[SourceVersionDate "2007.11.25"]
[SourceQuality "1"]
[WhiteTeam "Kladno II"]
[BlackTeam "Melnik"]
[WhiteTeamCountry "CZE"]
[BlackTeamCountry "CZE"]

1. e4 c5 2. Nf3 Nc6 3. d4 cxd4 4. Nxd4 d6 5. Nc3 Nf6 6. Be3 g6 7. f3 Bg7 8. Qd2 0-0 9. 0-0-0 Nd7 10. h4 Nxd4 11. Bxd4 Bxd4 12. Qxd4 Qb6 13. Qd2 Kg7 14. h5 d5 15. Nxd5 Qe6 16. hxg6 Qxg6 17. Nxe7 Qe6 18. Qg5+ Kh8 19. Bc4 Qf6 20. Rxh7+ 1-0

[Event "CZE-chT3A Middle 0506  "]
[Site "Czech Republic"]
[Date "2005.10.30"]
[Round "1.7"]
[White "Lavrincik, Pavel"]
[Black "Nyvlt, Miloslav"]
[Result "0-1"]
[WhiteElo "1902"]
[BlackElo "1782"]
[PlyCount "94"]
[EventDate "2005.10.30"]
[EventType "team"]
[EventRounds "11"]
[EventCountry "CZE"]
[SourceTitle "EXT 2009"]
[Source "ChessBase"]
[SourceDate "2008.11.26"]
[SourceVersion "1"]
[SourceVersionDate "2008.11.26"]
[SourceQuality "1"]

1. c4 Nf6 2. Nc3 b6 3. e4 e5 4. g3 Bb7 5. Bg2 Nc6 6. Nge2 Bc5 7. h3 0-0 8. 0-0 Nd4 9. Kh2 Ne6 10. d3 d6 11. f4 c6 12. f5 Nd4 13. g4 Nd7 14. Ng3 f6 15. h4 h6 16. Bd2 b5 17. Nce2 a5 18. Nxd4 Bxd4 19. cxb5 cxb5 20. Qb3+ Kh7 21. Qxb5 Ba6 22. Qd5 Nc5 23. Bc3 Bb7 24. Qc4 Ba6 25. Qd5 Nxd3 26. Bxd4 Nb4 27. Qe6 Bxf1 28. Be3 Bxg2 29. Kxg2 Ra6 30. Qb3 Rc6 31. Rd1 Qe7 32. Ne2 Qf7 33. Qa4 Qxa2 34. Qb5 Qc4 35. Qxc4 Rxc4 36. Rxd6 Rxe4 37. Kf3 Rc4 38. Nc3 Rf7 39. Rd8 Rb7 40. Ne4 Nc6 41. Rf8 Rb8 42. Rf7 Kg8 43. Rd7 Rd8 44. Rb7 Nd4+ 45. Kf2 Nxf5 46. Nxf6+ gxf6 47. gxf5 Rxh4 0-1